<?xml version="1.0" encoding="UTF-8"?>
<collection xmlns="http://www.loc.gov/MARC21/slim">
  <record>
    <leader>00000nam  2200000   4500</leader>
    <controlfield tag="001">INLIS000000000809515</controlfield>
    <controlfield tag="005">20250812101930</controlfield>
    <datafield tag="035" ind1="#" ind2="#">
      <subfield code="a">0010-0825000008</subfield>
    </datafield>
    <datafield tag="100" ind1="#" ind2="#">
      <subfield code="a">Al-Ju'aitsin, Adullah bin Ali</subfield>
    </datafield>
    <datafield tag="245" ind1="1" ind2="#">
      <subfield code="a">Thohurun Insya Allah...= :</subfield>
      <subfield code="b">Menjadi pribadi yang tegar di tengah badai duka /</subfield>
      <subfield code="c">penulis, Abdullah bin Ali Al-Ju'aitsin; penerjemah, Darwis ; editor, Ahmad Khatib</subfield>
    </datafield>
    <datafield tag="260" ind1="#" ind2="#">
      <subfield code="a">Jakarta :</subfield>
      <subfield code="b">Pustaka Imam Asy-syafi'i,</subfield>
      <subfield code="c">2012</subfield>
    </datafield>
    <datafield tag="300" ind1="#" ind2="#">
      <subfield code="a">xii, 302 hlm. ;</subfield>
      <subfield code="c">24 cm.</subfield>
    </datafield>
    <datafield tag="500" ind1="#" ind2="#">
      <subfield code="a">Judul asli : Tuhfatul Maridh</subfield>
    </datafield>
    <datafield tag="500" ind1="#" ind2="#">
      <subfield code="a">Teks dalam bahasa Indonesia, diterjermahkan dari bahasa Arab</subfield>
    </datafield>
    <datafield tag="850" ind1="#" ind2="#">
      <subfield code="a">JKPNPNA</subfield>
    </datafield>
    <datafield tag="990" ind1="#" ind2="#">
      <subfield code="a">1397/PN-LT/2013</subfield>
    </datafield>
    <datafield tag="990" ind1="#" ind2="#">
      <subfield code="a">1398/PN-LT/2013</subfield>
    </datafield>
    <datafield tag="990" ind1="#" ind2="#">
      <subfield code="a">757/PN/2013</subfield>
    </datafield>
    <controlfield tag="006">a           ||| |</controlfield>
    <controlfield tag="007">ta</controlfield>
    <controlfield tag="008">250812###########################0#ind##</controlfield>
    <datafield tag="020" ind1="#" ind2="#">
      <subfield code="a">978-602-9183-39-9</subfield>
    </datafield>
    <datafield tag="040" ind1="#" ind2="#">
      <subfield code="a">JKPNPNA</subfield>
      <subfield code="b">ind</subfield>
    </datafield>
    <datafield tag="082" ind1="#" ind2="#">
      <subfield code="a">297.31</subfield>
    </datafield>
    <datafield tag="084" ind1="#" ind2="#">
      <subfield code="a">297.31 ALJ t</subfield>
    </datafield>
  </record>
</collection>
